Charles II : royal politician /

Bibliographic Details
Main Author: Jones, J. R. (James Rees), 1925-
Format: Book
Language:English
Published: London ; Boston : Allen & Unwin, 1987.
Subjects:

MARC

Tag First Indicator Second Indicator Subfields
LEADER 00000cam a2200000 a 4500
001 in00000009215
005 20151007051512.0
008 860711s1987 enk b 00110beng
010 |a  86017264  
020 |a 0049421964 (alk. paper) 
035 |a (OCoLC)13945774 
035 |9 AAA3292AM 
040 |a DLC  |c DLC  |d TXA  |d UtOrBLW 
043 |a e-uk--- 
049 |a TXAM  |c [A12628251] 
050 0 0 |a DA446  |b .J66 1987 
082 0 |a 941.06/6/0924  |a B  |2 19 
100 1 |a Jones, J. R.  |q (James Rees),  |d 1925- 
245 1 0 |a Charles II :  |b royal politician /  |c J.R. Jones. 
264 1 |a London ;  |a Boston :  |b Allen & Unwin,  |c 1987. 
300 |a 230 pages ;  |c 24 cm. 
336 |a text  |b txt  |2 rdacontent 
337 |a unmediated  |b n  |2 rdamedia 
338 |a volume  |b nc  |2 rdacarrier 
504 |a Bibliography: pages [216]-222. 
500 |a Includes index. 
600 0 0 |a Charles  |b II,  |c King of England,  |d 1630-1685. 
651 0 |a Great Britain  |x Kings and rulers  |v Biography. 
651 0 |a Great Britain  |x Politics and government  |y 1660-1688. 
999 |a MARS 
999 f f |s 4cfded5f-9c5c-3bf2-8817-c50114608ebb  |i cce44869-66b1-3ddd-90c8-863ab12366fc  |t 0 
952 f f |p ric  |a Texas A&M University  |b Rellis Campus  |c Joint Library Facility  |d Remote Storage  |t 0  |e DA446 .J66 1987  |h Library of Congress classification  |i unmediated -- volume  |m A14812628251 
998 f f |a DA446 .J66 1987  |t 0  |l Remote Storage